Eurovision 2019 Grand Final Scoreboard - Statistics

General Stats
  • This quiz has been taken 179 times
  • The average score is 19 of 26
Answer Stats
Place Country Points % Correct
1st Netherlands 498
98%
2nd Italy 472
97%
26th United Kingdom 11
89%
25th Germany 24
88%
5th Sweden 334
87%
3rd Russia 370
86%
6th Norway 331
83%
22nd Spain 54
80%
23rd Israel 35
79%
4th Switzerland 364
79%
10th Iceland 232
76%
8th Azerbaijan 302
75%
7th North Macedonia 305
75%
16th France 105
74%
9th Australia 284
69%
13th Cyprus 109
67%
18th Serbia 89
67%
12th Denmark 120
66%
21st Greece 74
65%
24th Belarus 31
64%
14th Malta 107
64%
11th Czechia 157
63%
17th Albania 90
61%
20th Estonia 76
60%
19th San Marino 77
60%
15th Slovenia 105
60%
No matching quizzes found
Score Distribution
Percent of People with Each Score
Percentile by Number Answered
Your Score History
You have not taken this quiz